000 00215nam a22000857a 4500
008 160816b xxu||||| |||| 00| 0 eng d
100 _9151
_aChawla. A
245 _aThe universe
260 _aNew Delhi
_bD.P publication
_c2010
999 _c2807
_d2807